UNL Majors - Statistics

General Stats
  • This quiz has been taken 6 times
  • The average score is 10 of 204
Answer Stats
Major % Correct
Mathematics
50%
Political Science
50%
Sociology
50%
Accounting
33%
African-American Studies
33%
Art
33%
Chemical Engineering
33%
Chemistry
33%
Civil Engineering
33%
Computer Science
33%
English
33%
Environmental Science
33%
History
33%
Latin
33%
Management
33%
Marketing
33%
Physics
33%
Psychology
33%
Advertising & Public Relations
17%
Animal Science
17%
Anthropology
17%
Architecture
17%
Asian Studies
17%
Biological Sciences
17%
Biomedical Engineering
17%
Broadcasting
17%
Electrical Engineering
17%
Entrepreneurship
17%
Environmental Engineering
17%
Ethnic Studies
17%
Finance
17%
Geology
17%
Graphic Design
17%
Greek
17%
Journalism
17%
Latin American Studies
17%
Mechanical Engineering
17%
Veterinary Science
17%
Acting
0%
Actuarial Science (Business)
0%
Actuarial Science (CAS)
0%
Aerospace Studies
0%
African Studies
0%
Agribusiness (Business)
0%
Agribusiness (CASNR)
0%
Agricultural Economics
0%
Agricultural Engineering
0%
Agricultural Leadership, Education and Communication
0%
Agricultural Systems Technology
0%
Agronomy
0%
Applied Climate Science
0%
Applied Science
0%
Arabic Studies
0%
Archaeology
0%
Architectural Engineering (Omaha)
0%
Art History and Criticism
0%
Biochemistry (CAS)
0%
Biochemistry (CASNR)
0%
Biological Systems Engineering
0%
Business Administration
0%
Business Analytics
0%
Business for Raikes (ENGR)
0%
Business & Law
0%
CEHS International
0%
Child, Youth & Family Studies
0%
Classics & Religious Studies
0%
Clifton Builders Management
0%
Coaching
0%
Combined Degree Programs
0%
Communication Sciences & Disorders
0%
Communication Studies
0%
Community & Regional Planning
0%
Computational Biology & Bioinformatics (CAS)
0%
Computational Biology & Bioinformatics (CASNR)
0%
Computational Biology & Bioinformatics (ENGR)
0%
Computer Engineering (Lincoln)
0%
Computer Engineering (Omaha)
0%
Construction Engineering
0%
Construction Management
0%
Criminology & Criminal Justice
0%
Czech Studies
0%
Dance
0%
Data Science (CAS)
0%
Data Science (CASNR)
0%
Data Science (ENGR)
0%
Digital Agriculture
0%
Digital Humanities
0%
Early Childhood Education in a Mobile Society
0%
Economics (Business)
0%
Economics (CAS)
0%
Educational Psychology
0%
Education Studies
0%
Elementary Education (K-6)
0%
Elementary Education (K-6) & Early Childhood Education (Age 3-Grade 3)
0%
Elementary Education & Special Education (K-6)
0%
Emerging Media Arts
0%
Energy Science
0%
Engineering Leadership
0%
Engineering Mechanics
0%
Engler Agribusiness Entrepreneurship
0%
Environmental Education
0%
Environmental & Sustainability Studies (CAS)
0%
Environmental & Sustainability Studies (CASNR)
0%
Family & Consumer Sciences Occupational (Grades 6-12)
0%
Film Studies
0%
Fisheries & Wildlife
0%
Food, Energy and Water in Society
0%
Food Science & Technology
0%
Food Technology for Companion Animals
0%
Forensic Science
0%
French (CAS)
0%
General (CASNR)
0%
Geography
0%
German (CAS)
0%
Gerontology & Gerontology Certificate
0%
Global Leadership
0%
Global Studies
0%
Grassland Systems
0%
Hospitality, Restaurant & Tourism Management
0%
Human Development and Family Science
0%
Humanities in Medicine
0%
Human Rights & Humanitarian Affairs
0%
Inclusive Early Childhood Education (Birth-Grade 3)
0%
Indigenous Studies
0%
Individualized Program of Studies
0%
Informatics
0%
Insect Science
0%
Integrated Science
0%
Interdisciplinary Studies
0%
Interior Design
0%
International Agriculture & Natural Resources
0%
International Business
0%
International Engineering
0%
International Trade
0%
Japanese Studies
0%
Jewish Studies
0%
Landscape Architecture
0%
Latinx Studies
0%
Lesbian, Gay, Bisexual, Transgender, Queer/Sexuality Studies
0%
Medieval & Renaissance Studies
0%
Meteorology-Climatology
0%
Microbiology (CAS)
0%
Microbiology (CASNR)
0%
Military Leadership
0%
Music
0%
Music Education
0%
Music Technology
0%
National Security Studies
0%
Natural Resource & Environmental Economics
0%
Nutrition & Health Sciences: Community Health and Wellness Option
0%
Nutrition & Health Sciences: Nutrition, Exercise & Health Science Option
0%
Nutrition & Health Sciences: Nutrition Science Option
0%
PGA Golf Management
0%
Philosophy
0%
Plant Biology (CASNR)
0%
Plant & Landscape Systems
0%
Plant Pathology
0%
Positive Psychology and Wellbeing
0%
Precision Agriculture
0%
Pre-Health (Non-Degree)
0%
Pre-Law (Non-Degree)
0%
Pre-Veterinary Medicine
0%
Product Design
0%
Public Policy Analysis & Program Evaluation Certification
0%
Racial Justice, Equity, & Inclusion
0%
Regional and Community Forestry
0%
Remote Sensing in Agriculture and Natural Resources
0%
Robotics Engineering
0%
Secondary Education: Biology
0%
Secondary Education: Business, Marketing & Information Technology
0%
Secondary Education: Chemistry
0%
Secondary Education: Chinese
0%
Secondary Education: Earth & Space Science
0%
Secondary Education: English Language Arts
0%
Secondary Education: French
0%
Secondary Education: German
0%
Secondary Education: Latin
0%
Secondary Education: Mathematics
0%
Secondary Education: Physics
0%
Secondary Education: Russian
0%
Secondary Education: Science
0%
Secondary Education: Secondary English
0%
Secondary Education: Social Science
0%
Secondary Education: Spanish
0%
Software Development
0%
Software Engineering
0%
Spanish (CAS)
0%
Special Education (7-12)
0%
Special Education (K-6)
0%
Sports Media & Communication
0%
Statistics & Data Analytics
0%
Supply Chain Management
0%
Textiles, Merchandising & Fashion Design: Communications
0%
Textiles, Merchandising & Fashion Design: Merchandising
0%
Textiles, Merchandising & Fashion Design: Textile & Apparel Design
0%
Textiles, Merchandising & Fashion Design: Textile Science
0%
Theatre
0%
Theatre–Design & Technical Production
0%
Undeclared (Non-Degree)
0%
Urban Forestry
0%
Veterinary Technology
0%
Victimology and Victim Services
0%
Water Science
0%
Women's & Gender Studies
0%
No matching quizzes found
Score Distribution
Percent of People with Each Score
Percentile by Number Answered
Your Score History
You have not taken this quiz